The BBC : public institution and private world /

Kaydedildi:
Detaylı Bibliyografya
Yazar: Burns, Tom, 1913-
Materyal Türü: Kitap
Dil:English
Baskı/Yayın Bilgisi: London : Macmillan, 1977.
Seri Bilgileri:Edinburgh studies in sociology
Konular:
LEADER 01118nam a22003131a 4500
001 c000063980
003 CARM
005 19960712000000.0
008 790423s1977 enk 000 0 eng d
019 1 |a 22522642  |z 1400025  |z 40258189  |z 23874387  |z 54413941  |5 LACONCORD2021 
020 |a 0333197208 
035 |a (OCoLC)3514829  |5 LACONCORD2021 
040 |a QMS  |b eng  |c QMS  |d QMS 
050 0 0 |a HE8689.9.G7  |b B87 
100 1 |a Burns, Tom,  |d 1913- 
245 1 4 |a The BBC :  |b public institution and private world /  |c Tom Burns. 
260 |a London :  |b Macmillan,  |c 1977. 
300 |a xviii, 313 p :  |b graphs ;  |c 23 cm. 
440 0 |a Edinburgh studies in sociology 
504 |a Includes bibliographical references and index. 
610 2 0 |a British Broadcasting Corporation. 
852 8 |b CARM  |h A2:AI17B0  |i B04195  |p 0193069  |f BK 
082 0 |a 079.598 
082 0 |a 301.161 
082 0 |a 302.23 
082 0 |a 302.2340941 
082 0 |a 384.5406804 
999 f f |i b8bf4e5e-e0ae-5552-b7eb-f34d9f26db55  |s aeeb9ab3-15e2-5886-9d9e-bdd50886f4d7 
952 f f |p Can circulate  |a CAVAL  |b CAVAL  |c CAVAL  |d CARM 1 Store  |e B04195  |f A2:AI17B0  |h Other scheme  |i book  |m 0193069